Hysteresis loss of swollen rubber vulcanizates in force retraction measurement and dynamic mechanical analysis (Record no. 60571)

MARC details
000 -LEADER
fixed length control field 00499nam a2200157Ia 4500
100 ## - MAIN ENTRY--AUTHOR NAME
Personal name Neogi Chanchal
245 #0 - TITLE STATEMENT
Title Hysteresis loss of swollen rubber vulcanizates in force retraction measurement and dynamic mechanical analysis
260 ## - PUBLICATION, DISTRIBUTION, ETC. (IMPRINT)
Name of publisher Journal of Elastomers and Plastics
Year of publication 1991
300 ## - PHYSICAL DESCRIPTION
Number of Pages 152-163
650 ## - SUBJECT ADDED ENTRY--TOPICAL TERM
Topical Term Natural rubber
650 ## - SUBJECT ADDED ENTRY--TOPICAL TERM
Topical Term Styrene-butadiene rubber
700 ## - ADDED ENTRY--PERSONAL NAME
Personal name Basu Sakti P
700 ## - ADDED ENTRY--PERSONAL NAME
Personal name Bhowmick Anil K
942 ## - ADDED ENTRY ELEMENTS (KOHA)
Koha item type Journals
Holdings
Withdrawn status Lost status Damaged status Not for loan Home library Current library Date acquired Serial Enumeration / chronology Koha item type
      Journals RRII Library RRII Library 17/12/2021 Volume 23, Issue 2 Journals